-
Parikh S. Kirit Radhakrishna R.
Entry Personal Name
Number of records used in: 1
001 - CONTROL NUMBER
003 - CONTROL NUMBER IDENTIFIER
005 - DATE AND TIME OF LATEST TRANSACTION
- control field:
20160503113608.0
008 - FIXED-LENGTH DATA ELEMENTS
- fixed length control field:
160503|| aca||aabn | a|a d
040 ## - CATALOGING SOURCE
- Original cataloging agency:
OSt
- Transcribing agency:
OSt
100 ## - HEADING--PERSONAL NAME
- Personal name:
Parikh S. Kirit Radhakrishna R.
670 ## - SOURCE DATA FOUND
- Source citation:
Work cat.: (OSt): Parikh S. Kirit Radhakrishna R., India Development Report 2004-2005, 2005